[Event "Mechanics' Bedjanian TNM; G/2 d/5"]
[Site "San Francisco"]
[Date "2018.10.23"]
[Round "1.9"]
[White "Boldi, Ethan"]
[Black "Starr, Albert"]
[Result "1-0"]
[WhiteElo "2084"]
[BlackElo "1500"]
[PlyCount "103"]
[EventDate "2018.??.??"]
[Source "ChessBase"]
[SourceDate "2007.09.04"]

1. e4 e5 2. Nf3 Nf6 3. Nxe5 d6 4. Nf3 Nxe4 5. Bc4 d5 6. Bb3 Bc5 7. d4 Bb6 8.
O-O O-O 9. h3 c6 10. Be3 h6 11. c4 Be6 12. cxd5 Bxd5 13. Bxd5 Qxd5 14. Nc3 Nxc3
15. bxc3 Nd7 16. Qc2 Nf6 17. Ne5 Qe4 18. Qb3 Nd5 19. Rfe1 Nxe3 20. Rxe3 Qf5 21.
Rae1 Rae8 22. g4 Qe6 23. Nc4 Qd7 24. Nxb6 axb6 25. Qxb6 Rxe3 26. Rxe3 Ra8 27.
Qb3 b5 28. Rd3 Qd6 29. Rf3 Qe7 30. Re3 Qd6 31. Re2 Ra3 $4 (31... g6 $11) (31...
Kf8 $11) 32. Re8+ Kh7 33. Qxf7 Qd5 34. Qxd5 cxd5 35. Kg2 Rxc3 36. Rd8 Rc4 37.
Rxd5 b4 38. Kg3 g5 39. f3 Kg6 40. h4 Rc3 41. h5+ Kf6 42. Rb5 Ra3 43. Rxb4 Rxa2
44. Rb6+ Kg7 45. d5 Ra8 46. Rg6+ Kh7 47. d6 Rd8 48. f4 gxf4+ 49. Kxf4 Rf8+ 50.
Ke5 Re8+ 51. Re6 Rg8 52. d7 1-0

[Event "Mechanics' Bedjanian TNM; G/2 d/5"]
[Site "San Francisco"]
[Date "2018.11.27"]
[Round "6.9"]
[White "Boldi, Ethan"]
[Black "Steger, Eric"]
[Result "1-0"]
[WhiteElo "2084"]
[BlackElo "1963"]
[Annotator "Winslow,Elliott"]
[PlyCount "94"]
[EventDate "2018.??.??"]
[Source "ChessBase"]
[SourceDate "2007.09.04"]

1. e4 d6 2. d4 Nf6 3. Nc3 g6 4. Bg5 Bg7 5. f3 c6 6. Bc4 b5 7. Bb3 a6 8. a3 Bb7
9. Qd2 h6 10. Be3 Qc7 11. Nge2 Nbd7 12. O-O-O c5 13. Nd5 Nxd5 14. Bxd5 Bxd5 15.
exd5 c4 16. Nc3 Qb7 17. Rhe1 Nf6 18. Bf4 Kf8 19. Qe2 Re8 20. g4 Kg8 21. h4 Kh7
22. g5 Nh5 23. Be3 hxg5 24. hxg5 Rc8 25. f4 a5 26. Bd2 Rc7 27. f5 b4 28. fxg6+
fxg6 29. Rh1 Kg8 30. Qe6+ Kf8 31. Rdf1+ Ke8 32. Qxg6+ Kd7 33. Na4 Qb5 34. Qe6+
Kd8 {[#]} 35. Nc5 $4 (35. Nc3 $1 bxc3 36. Bxc3 $18) 35... dxc5 $2 (35... c3 $1
36. Bxc3 (36. bxc3 $6 bxa3 $19) (36. a4 cxd2+ 37. Kxd2 Qc4 38. Rxh5 Re8 $1 $19)
36... bxc3 37. bxc3 dxc5 $19) 36. d6 $2 (36. Bf4 Rb7 37. Rxh5 Rxh5 38. a4 Qxa4
39. Qa6 $11) 36... exd6 $17 37. g6 Qd7 $2 (37... Rd7 38. Rf7 cxd4 $17) 38. Bg5+
$6 (38. Qd5 Qc6 39. Rxh5 Rxh5 40. Qxh5 Kc8 $11) 38... Kc8 39. d5 $2 $19 (39.
Qxc4 bxa3 $15) 39... Kb8 $6 (39... Qxe6 40. dxe6 Re8 41. Rxh5 Rxe6 $19) (39...
Kb7) 40. Rf7 $17 Bxb2+ $4 (40... Qxe6 41. dxe6 Be5 42. Bd8 Rxd8 43. Rxh5 Rg8
44. Rhh7 Rc6 45. e7 Re8 46. g7 Bxg7 47. Rfxg7 Rc7) 41. Kb1 $4 (41. Kxb2 $8 $18)
41... Qa4 $4 (41... Qxe6 42. dxe6 Be5 $17) 42. Qxd6 $18 Rhc8 43. Rxc7 (43. Bd8
$1) 43... Rxc7 44. Bd8 Qxa3 45. Bxc7+ Kc8 46. Qd8+ Kb7 47. Qb8+ Ka6 {
(48.Qb6# is not on the scoresheet.)} 1-0

[Event "Mechanics' Winter TNM; G/2 d5"]
[Site "San Francisco"]
[Date "2018.02.20"]
[Round "7.13"]
[White "Boldi, Ethan"]
[Black "Warton, Philip"]
[Result "1-0"]
[WhiteElo "1920"]
[BlackElo "1797"]
[PlyCount "55"]
[EventDate "2018.??.??"]
[Source "ChessBase"]
[SourceDate "2007.09.04"]

1. e4 c5 2. Nf3 d6 3. c4 Nc6 4. d4 Bg4 5. d5 Bxf3 6. gxf3 Nd4 7. Be3 e5 8. Nc3
f5 9. f4 fxe4 10. Nxe4 Nf6 11. Ng5 h6 12. Ne6 Nxe6 13. dxe6 exf4 14. Qa4+ Ke7
15. Bxf4 g5 16. Bg3 Kxe6 17. O-O-O Kf7 18. Bg2 Qb6 19. Rd3 Qb4 20. Qc2 d5 21.
Bxd5+ Nxd5 22. Rxd5 Bg7 23. Rd7+ Kg8 24. Rxg7+ Kxg7 25. Be5+ Kf7 26. Qf5+ Ke7
27. Qf6+ Kd7 28. Rd1+ 1-0

[Event "Mechanics' Shipman TNM; G/2 d/5"]
[Site "San Francisco"]
[Date "2018.09.25"]
[Round "8.2"]
[White "Boldi, Ethan"]
[Black "Winslow, Elliott"]
[Result "0-1"]
[WhiteElo "2011"]
[BlackElo "2292"]
[Annotator "Winslow,Elliott"]
[PlyCount "114"]
[EventDate "2018.??.??"]
[Source "ChessBase"]
[SourceDate "2007.09.04"]

1. e4 d6 2. d4 Nf6 3. f3 (3. Nc3 g6 (3... Nbd7) (3... e5)) (3. Bd3 e5) 3... g6
(3... c5 4. c3 e6) 4. Ne2 c5 5. c3 (5. d5) 5... Nc6 6. Be3 ({I'm thinking} 6.
dxc5 d5) 6... Bg7 7. h4 h5 $2 {Probably an over-reaction.} (7... O-O) 8. Na3 (
8. dxc5 d5 9. Nd2 O-O 10. Nf4 e6 11. Qc2 Qc7 12. O-O-O Ne5 13. Kb1 b6 {
is Stockfish's offering. Otherworldly.}) 8... O-O $6 (8... d5 9. e5 Ng8 $1) 9.
Nc2 cxd4 $6 {Calm down!} (9... Bd7 10. dxc5 dxc5 11. Bxc5 Qc7 12. Bf2 (12. Be3
Na5) 12... Bh6) (9... Qb6) (9... Qc7) (9... b6) 10. cxd4 d5 $6 (10... b5) (
10... a6) (10... e6) (10... Bd7) (10... Re8) (10... Rb8 {
all Stockfish's blase recommendations.}) (10... e5 $5 11. d5 Ne7 12. Nc3 Bd7
13. Be2 b5 14. Qd3 a6 15. a4 bxa4 $14) 11. e5 Nd7 12. Nf4 (12. Nc3 $1) 12...
Nb6 (12... Ndxe5 $5 13. dxe5 Bxe5 14. Nd3 (14. Nxd5 $2 Bf5 15. Nc3 Bg3+ 16. Bf2
Qxd1+ 17. Rxd1 Bxf2+ $17)) 13. Bd3 $6 (13. g4 hxg4 14. fxg4 Nc4 15. Bxc4 dxc4
16. Qe2 {scared me.}) 13... Nc4 14. Bxc4 dxc4 15. g4 hxg4 16. fxg4 Qa5+ (16...
Qb6 17. d5 Qa5+ 18. Bd2 c3 $1 {(overlooked)} 19. Bxc3 Qa4 20. Nd4 Qxd1+ 21.
Rxd1 Nxe5) 17. Bd2 $6 (17. Kf2 b6 18. h5 (18. Qe2 Ba6) 18... Nxe5 $5 19. dxe5
Bb7) 17... Qb6 $15 18. Bc3 (18. Nd5 Qd8) 18... Rd8 19. Ne3 $2 (19. Qf3 Nxd4 20.
Bxd4 Rxd4 21. Nxd4 Qxd4 22. Rd1 Qxe5+ 23. Kf1 Qf6) 19... Nxe5 (19... Rxd4 $1
20. Bxd4 Nxd4) 20. O-O $2 (20. Nfd5 Nd3+ 21. Qxd3 cxd3 22. Nxb6 axb6 $17) 20...
Nd3 (20... Nxg4 $3 $19) 21. Nfd5 (21. Qf3 Bxd4 22. Nxd3 Bxe3+ 23. Kg2 Be6 24.
Nf4 Bxf4 25. Qxf4 Rd3) 21... Qd6 22. Qf3 Be6 23. Nf4 Nxf4 (23... Bxd4 $1 24.
Bxd4 Qxd4 25. Nxe6 fxe6 26. Qf7+ Kh8 $19) 24. Qxf4 Bxd4 25. Qf2 Qe5 26. Rae1
Bxc3 27. bxc3 Qe4 28. Kh2 Qe5+ 29. Kg1 Rd3 (29... Qxc3) 30. Nf5 Qf6 (30... Qc7)
31. Nh6+ Kg7 32. g5 Qxf2+ 33. Rxf2 Rf8 34. Rc2 (34. Nxf7 Bxf7 35. Rxe7 Rxc3 36.
Rxb7 Rh3) 34... Rfd8 35. Rf2 Rd1 36. Kf1 Rxe1+ 37. Kxe1 Rd3 38. Rb2 b6 39. Rc2
Rh3 40. a4 Rxh4 41. Rg2 Rh1+ 42. Kd2 Ra1 43. Ke3 Rxa4 44. Ng4 Ra5 45. Nf2 Rd5
46. Ke4 a5 47. Rg1 b5 48. Nd1 Rd3 49. Nb2 Bf5+ 50. Kf4 Rxc3 51. Ra1 Rb3 (51...
f6 $1 {mate looms}) 52. Nd1 a4 53. Ne3 Bd3 (53... e5+ 54. Kf3 a3) 54. Nd5 Bb1
55. Nxe7 c3 56. Ke3 c2+ 57. Kd2 Rg3 $138 {White lost on time} 0-1

[Event "Mechanics' Spring TNM; G/2 d5"]
[Site "San Francisco"]
[Date "2018.04.17"]
[Round "5.22"]
[White "Boldi, Ethan"]
[Black "Yamamoto, Craig"]
[Result "1-0"]
[WhiteElo "1997"]
[BlackElo "1508"]
[PlyCount "33"]
[EventDate "2018.??.??"]
[Source "ChessBase"]
[SourceDate "2007.09.04"]

1. e4 c5 2. Nf3 e6 3. c4 Nc6 4. d4 Nxd4 5. Nxd4 cxd4 6. Qxd4 d6 7. Nc3 b6 8.
Be3 Bb7 9. O-O-O Qd7 10. f3 O-O-O 11. Nb5 Kb8 12. e5 d5 13. Qg4 g6 14. Kb1 Qe7
15. Bg5 f6 16. exf6 Nxf6 17. Qf4+ 1-0

[Event "Mechanics' Bedjanian TNM; G/2 d/5"]
[Site "San Francisco"]
[Date "2018.12.11"]
[Round "8.3"]
[White "Boldi, Ethan Kazanjian"]
[Black "Shaw, Tenzing"]
[Result "1-0"]
[WhiteElo "2084"]
[BlackElo "2290"]
[Annotator "Winslow,Elliott"]
[PlyCount "79"]
[EventDate "2018.??.??"]
[Source "ChessBase"]
[SourceDate "2007.09.04"]

1. e4 e6 2. d4 d5 3. exd5 exd5 {About the only good thing you can say about
the Exchange French is that you don't have more weak pawns than your opponent.}
4. c4 {So much for *that* pronouncement. (on the other hand, I have played
this -- even beat Hayk Manvelyan -- and know it has a psychological aspect,
taking Black out of the proverbial "comfort zone" -- but objectively it's
suspect.)} Bb4+ 5. Nc3 Ne7 6. Nf3 Nbc6 7. Bf4 Bg4 8. Be2 O-O 9. O-O Bxc3 $6 (
9... dxc4 10. Bxc4 Bd6) 10. bxc3 Na5 11. Nd2 (11. cxd5) 11... Be6 (11... Bxe2
12. Qxe2 Re8) 12. Bd3 $2 (12. c5 $5 $14) 12... Nxc4 (12... dxc4 $1 13. Bxh7+
Kxh7 14. Qh5+ Kg8 15. Qxa5 Nd5 16. Bg3 b6 17. Qa3 b5 $17) 13. Qb1 Ng6 14. Be3 (
14. Bxg6 fxg6 $1) 14... Nd6 (14... Nxe3 15. fxe3 Qg5 16. Rf3 b6) 15. f4 $6 (15.
Nf3) 15... f5 $6 (15... Re8) 16. Nf3 b6 17. Qe1 a5 $6 18. h4 $6 Ne4 19. Ng5 Qd7
(19... Bc8) 20. h5 Nh8 $19 {A harsh assessment by Stockfish 10} 21. Qh4 Qe7 (
21... h6) (21... Nf7) 22. Qh2 h6 (22... Nf7 $1) 23. Nf3 Nxc3 (23... Qa3 $1) 24.
Rfc1 Ne4 (24... Qa3 $1) 25. Rc6 Rfc8 (25... Qa3 $1) 26. Rac1 (26. Qh4) 26...
Bf7 $2 (26... Bd7 27. Rxc7 Nc5 $19) 27. Ne5 Be8 28. Bxe4 dxe4 29. R6c3 (29.
R6c2) 29... Nf7 30. d5 Nd6 $17 31. Bf2 Nb5 32. Bh4 $2 (32. R3c2) 32... Qb4 $19
(32... Qd6 $1) 33. Rc4 Qa3 (33... Qd2) 34. Kh1 (34. Qh3) 34... a4 (34... Bf7)
35. g4 fxg4 36. f5 {[#]} Qd6 $2 $11 (36... Bxh5 $19) (36... Rd8 $1 $19) 37. Qf4
$2 (37. f6 $1 gxf6 38. Nxg4 Qxh2+ 39. Kxh2 Nd6 $11) 37... Bxh5 $19 38. Rc6 {[#]
} (38. f6 Rf8 $1) 38... Qf8 $4 (38... Qxd5 39. Nxg4 e3+ 40. Kh2 Bxg4 41. Qxg4
$19) 39. f6 $16 Nd4 $6 (39... Re8 40. Rxc7 Nxc7 41. Rxc7 Rxe5 42. Rxg7+) 40.
Rxc7 {(There might have been further moves:)} 1-0

[Event "Mechanics' Winter TNM; G/2 d5"]
[Site "San Francisco"]
[Date "2018.02.13"]
[Round "6.48"]
[White "Boldi, Nicholas"]
[Black "Cendejas, Jon"]
[Result "1-0"]
[WhiteElo "1559"]
[BlackElo "422"]
[PlyCount "85"]
[EventDate "2018.??.??"]
[Source "ChessBase"]
[SourceDate "2007.09.04"]

1. e4 e5 2. Nf3 Nc6 3. Bc4 Bc5 4. c3 Nf6 5. d3 h6 6. O-O O-O 7. h3 d6 8. a4 a5
9. Qb3 Kh8 10. Bxf7 Qe7 11. Bc4 Nd8 12. Nh4 Qe8 13. Nf3 c6 14. d4 exd4 15. cxd4
Bb4 16. e5 dxe5 17. dxe5 Nh5 18. Nh4 Be6 19. Bxe6 Nxe6 20. Qc2 Nhf4 21. g3 Qh5
22. Qd1 Qg5 23. Qg4 Qxg4 24. hxg4 Ne2+ 25. Kg2 Kh7 26. Be3 Rad8 27. Na3 N2d4
28. f4 Bxa3 29. Rxa3 Nc2 30. Rc3 Nxe3+ 31. Rxe3 Rd2+ 32. Rf2 Rxf2+ 33. Kxf2 Nd4
34. Nf3 Nxf3 35. Kxf3 g5 36. f5 b5 37. axb5 cxb5 38. e6 Kg7 39. Re5 Kf6 40.
Rxb5 Rd8 41. Ke4 Ra8 42. Rb7 a4 43. Rf7# 1-0

[Event "Mechanics' Vartan Bedjanian TNM; G/2 d/"]
[Site "San Francisco"]
[Date "2018.11.07"]
[Round "3.23"]
[White "Boldi, Nicholas"]
[Black "Cortinas, Martin"]
[Result "1-0"]
[WhiteElo "1482"]
[BlackElo "1724"]
[PlyCount "59"]
[EventDate "2018.??.??"]
[Source "ChessBase"]
[SourceDate "2007.09.04"]

1. e4 c6 2. d4 d5 3. exd5 cxd5 4. c4 Nf6 5. Nc3 Nc6 6. Nf3 Bg4 7. h3 Bxf3 8.
gxf3 dxc4 9. d5 Ne5 10. Bf4 Ng6 11. Bg3 Rc8 12. Qa4+ Qd7 13. Qxa7 Nxd5 14. Rd1
Qe6+ 15. Be2 Nxc3 16. bxc3 Qc6 17. Rb1 b5 18. Qa5 e5 19. Qxb5 Bd6 20. Bxc4 O-O
21. Qxc6 Rxc6 22. Bd5 Rxc3 23. O-O h5 24. Rfc1 Rfc8 25. Rxc3 Rxc3 26. Rb6 Rc1+
27. Kg2 Rd1 28. Rxd6 Kh7 29. Rd7 f5 30. Bg8+ 1-0

[Event "Mechanics' Summer TNM; G/2 d/5"]
[Site "San Francisco"]
[Date "2018.06.05"]
[Round "2.43"]
[White "Boldi, Nicholas"]
[Black "Cowgill, Jackie"]
[Result "1-0"]
[WhiteElo "1491"]
[BlackElo "1099"]
[PlyCount "73"]
[EventDate "2018.??.??"]
[Source "ChessBase"]
[SourceDate "2007.09.04"]

1. e4 e5 2. Nf3 Nc6 3. Bc4 Be7 4. c3 Nf6 5. d3 Na5 6. Nxe5 Nxc4 7. Nxf7 $2 (7.
Nxc4) 7... Kxf7 8. dxc4 d6 9. O-O c5 10. h3 Re8 11. f3 b6 12. Bg5 Nh5 (12...
Kg8 $19) 13. Bxe7 Qxe7 14. Qd5+ Be6 15. Qxh5+ Kg8 16. Nd2 Rf8 17. f4 Rf6 18.
Qe2 Bxh3 19. gxh3 Rg6+ 20. Kh2 Qh4 21. Qf2 Qh5 22. Qf3 Qh4 23. Rg1 Qf6 24. Rxg6
Qxg6 25. Rg1 Qf7 26. f5 Qf6 27. Kh1 Rd8 28. Qg3 a5 29. Qg5 Rf8 30. Qxf6 Rxf6
31. Kh2 Kf7 32. Nf3 h6 33. Nh4 d5 34. cxd5 a4 35. Rg6 Rxg6 36. Nxg6 Kf6 37. d6
1-0

[Event "Mechanics' Bedjanian TNM; G/2 d/5"]
[Site "San Francisco"]
[Date "2018.10.23"]
[Round "1.10"]
[White "Boldi, Nicholas"]
[Black "Gaffagan, Steven"]
[Result "0-1"]
[WhiteElo "1482"]
[BlackElo "2083"]
[PlyCount "76"]
[EventDate "2018.??.??"]
[Source "ChessBase"]
[SourceDate "2007.09.04"]

1. e4 c6 2. d4 d5 3. exd5 cxd5 4. c4 Nf6 5. Nc3 g6 6. Nf3 Bg7 7. Bd3 O-O 8. Qb3
dxc4 9. Bxc4 Nc6 10. Qa4 Bd7 11. Qd1 Bg4 12. Be3 Bxf3 13. gxf3 Rc8 14. O-O Na5
15. Bd3 Nc4 16. Bxc4 Rxc4 17. Qd3 Rc7 18. Nb5 Rd7 19. Nxa7 Rd5 20. Nb5 Rh5 21.
Bf4 Qd7 22. Nc3 e5 23. Bg3 exd4 24. Ne2 Nd5 25. a3 Ne7 26. Rfd1 Nc6 27. Rac1
Ne5 28. Qb3 Nc6 29. Nc3 Qf5 30. Ne4 Ne5 31. Bxe5 $2 (31. f4) 31... Bxe5 32. Ng3
{Diagram [#]} Qh3 $1 33. f4 Bxf4 34. Qxb7 Qxh2+ 35. Kf1 Bxg3 36. fxg3 Rf5+ 37.
Qf3 Rxf3+ 38. Ke1 Qf2# 0-1

[Event "Mechanics' Summer TNM; G/2 d/5"]
[Site "San Francisco"]
[Date "2018.06.26"]
[Round "5.24"]
[White "Boldi, Nicholas"]
[Black "Jensen, Christian"]
[Result "1/2-1/2"]
[WhiteElo "1491"]
[BlackElo "1835"]
[PlyCount "56"]
[EventDate "2018.??.??"]
[Source "ChessBase"]
[SourceDate "2007.09.04"]

1. e4 c5 2. Nf3 d6 3. c4 Nc6 4. d4 Bg4 5. Be3 cxd4 6. Bxd4 Nxd4 7. Qxd4 Qa5+ 8.
Nc3 Nf6 9. O-O-O e5 10. Qe3 Rc8 11. Kb1 h6 12. h3 Bd7 13. Nd5 Nxd5 14. exd5 Be7
15. Bd3 O-O 16. g4 f5 17. gxf5 Bxf5 18. Bxf5 Rxf5 19. Qe2 Rcf8 20. Rd3 Rf4 21.
Ra3 Qc5 22. Rc3 e4 23. Nd2 Rxf2 24. Qxe4 Bf6 25. Qe6+ Kh8 26. Ne4 Qb6 27. Nxf2
Bxc3 28. Nd1 Be5 {Black has a significant but White managed to eventually draw.
Remaining moves unavailable.} 1/2-1/2

[Event "Mechanics' Winter TNM; G/2 d5"]
[Site "San Francisco"]
[Date "2018.01.30"]
[Round "4.25"]
[White "Boldi, Nicholas"]
[Black "Krasnov, Steven"]
[Result "0-1"]
[WhiteElo "1559"]
[BlackElo "1908"]
[PlyCount "120"]
[EventDate "2018.??.??"]
[Source "ChessBase"]
[SourceDate "2007.09.04"]

1. e4 c5 2. Nf3 e6 3. d4 cxd4 4. Nxd4 a6 5. Nc3 Qc7 6. Bd2 Nf6 7. Bd3 b5 8. a3
Bb7 9. O-O Bc5 10. Nf3 d6 11. h3 h6 12. Re1 Nbd7 13. Be3 O-O 14. Bxc5 Qxc5 15.
Re3 Rac8 16. Qe1 d5 17. Re2 dxe4 18. Nxe4 Nxe4 19. Bxe4 Bxe4 20. Rxe4 Qxc2 21.
b4 Nb6 22. Nd4 Qc3 23. Qxc3 Rxc3 24. Re3 Rfc8 25. Rxc3 Rxc3 26. Ne2 Rd3 27. Nc1
Rd1+ 28. Kh2 Nc4 29. Kg3 f5 30. Kf3 Kf7 31. Ke2 Rd2+ 32. Ke1 Rc2 33. Nb3 Rc3
34. Nc5 a5 35. bxa5 Nxa5 36. Na6 Nb3 37. Rb1 e5 38. Nb4 Ke6 39. Na6 Nd4 40. Ra1
Nc2+ 41. Kd2 Rxa3 42. Rxa3 Nxa3 43. Kc3 Nc4 44. Nc7+ Kd7 45. Nxb5 Nd6 46. Nxd6
Kxd6 47. g3 Kd5 48. Kd3 g5 49. Ke3 f4+ 50. gxf4 gxf4+ 51. Kf3 h5 52. h4 Kd4 53.
Ke2 e4 54. Kd2 Ke5 55. Ke2 f3+ 56. Ke3 Kf5 57. Kd4 Kf4 58. Kd5 e3 59. fxe3+
Kxe3 60. Ke5 f2 0-1

[Event "Mechanics' Bedjanian TNM; G/2 d/5"]
[Site "San Francisco"]
[Date "2018.11.27"]
[Round "6.25"]
[White "Boldi, Nicholas"]
[Black "Lin, Aung Tun"]
[Result "0-1"]
[WhiteElo "1482"]
[BlackElo "1640"]
[PlyCount "64"]
[EventDate "2018.??.??"]
[Source "ChessBase"]
[SourceDate "2007.09.04"]

1. e4 c5 2. Nf3 g6 3. c4 Bg7 4. d4 cxd4 5. Nxd4 a6 6. Nc3 d6 7. Be3 Nf6 8. h3
Nbd7 9. Nf3 Qa5 10. Bd2 Qb6 11. Rb1 Nc5 12. Be3 Qc6 13. Nd4 Qc7 14. Qc2 b6 15.
b4 Ncd7 16. Nf3 Bb7 17. Bd3 Rc8 18. Rc1 O-O 19. Qb1 e6 20. Na4 Qd8 21. c5 b5
22. Nb2 d5 23. e5 Ne4 24. Bd4 Nb8 25. Rd1 Ng5 26. Nh2 Nc6 27. Be3 d4 28. Bc2
Qd5 29. Rg1 Nxb4 30. Rxd4 Nxc2+ 31. Qxc2 Qxe5 32. Ng4 Rxc5 {
At this point (probably earlier) both scoresheets become worthless.} 0-1

[Event "Mechanics' Spring TNM; G/2 d5"]
[Site "San Francisco"]
[Date "2018.04.24"]
[Round "6.34"]
[White "Boldi, Nicholas"]
[Black "MacIntyre, Brendan"]
[Result "1/2-1/2"]
[WhiteElo "1452"]
[BlackElo "1619"]
[PlyCount "86"]
[EventDate "2018.??.??"]
[Source "ChessBase"]
[SourceDate "2007.09.04"]

1. e4 c5 2. Nf3 Nc6 3. c4 d6 4. d4 cxd4 5. Nxd4 Nf6 6. Nc3 Bd7 7. a3 g6 8. h3
Bg7 9. Nf3 O-O 10. Be2 Rc8 11. Be3 a6 12. Rb1 Na5 13. Nd2 Be6 14. Nd5 Bxd5 15.
cxd5 b5 16. O-O Nc4 17. Nxc4 bxc4 18. Qc2 c3 19. Bxa6 Ra8 20. Bd3 cxb2 21. Bd4
Rxa3 22. Rxb2 Qa8 23. Rc1 Ra4 24. Bxf6 Bxf6 25. Rb3 Ra2 26. Qc6 Qa7 27. Rc2
Ra1+ 28. Rc1 Bd4 29. Rxa1 Qxa1+ 30. Rb1 Qa3 31. Qc2 h5 32. Qb3 Qa7 33. Qc2 Ra8
34. Rb4 Bc5 35. Rb5 Qa1+ 36. Rb1 Qd4 37. Rd1 Rb8 38. Rd2 Ra8 39. Rd1 Ra3 40.
Bc4 {Diagram [#]} Rc3 $1 41. Rxd4 Rxc2 42. Bb3 Rb2 43. Rd3 Bxf2+ {Black is winn
ing but the game was later drawn. The remaining moves are unavailable.} 1/2-1/2

[Event "Mechanics' Winter TNM; G/2 d5"]
[Site "San Francisco"]
[Date "2018.02.27"]
[Round "8.28"]
[White "Boldi, Nicholas"]
[Black "Temple, Jason Todd"]
[Result "0-1"]
[WhiteElo "1559"]
[BlackElo "1167"]
[PlyCount "62"]
[EventDate "2018.??.??"]
[Source "ChessBase"]
[SourceDate "2007.09.04"]

1. e4 d6 2. Nf3 e5 3. Bc4 Bg4 4. d3 Nc6 5. Bxf7+ $2 Kxf7 6. Ng5+ Qxg5 7. f3
Bxf3 8. Qxf3+ Qf6 9. Qe2 Nd4 10. Qd1 Ke8 11. c3 Ne6 12. Rf1 Qh4+ 13. Rf2 Qxh2
14. Qb3 Qh1+ 15. Rf1 Qh4+ 16. Rf2 Nd8 17. Ke2 Qh5+ 18. Kd2 Nf6 19. Kc2 Ng4 20.
Rf5 Qh1 21. d4 Qxg2+ 22. Kd1 Qxe4 23. Rf1 Qd3+ 24. Ke1 Be7 25. Rh1 Qe4+ 26. Kf1
Rf8+ 27. Kg1 Qe1+ 28. Kg2 Qf2+ 29. Kh3 Qh4+ 30. Kg2 Rf2+ 31. Kg1 Qg3# 0-1

[Event "Mechanics' Shipman TNM; G/2 d/5"]
[Site "San Francisco"]
[Date "2018.08.28"]
[Round "4.6"]
[White "Boldi, Nicholas Ar"]
[Black "Kuczek, Kevin"]
[Result "0-1"]
[WhiteElo "1544"]
[BlackElo "1947"]
[Annotator "Winslow,Elliott"]
[PlyCount "118"]
[EventDate "2018.??.??"]
[Source "ChessBase"]
[SourceDate "2007.09.04"]

1. e4 e5 2. Nf3 Nc6 3. Bc4 Nf6 4. d3 h6 5. c3 d5 6. exd5 Nxd5 7. Qe2 Bg4 8. Qe4
Nf6 9. Qe3 Bd6 10. h3 Bh5 11. Nh4 Ne7 12. g4 Bg6 13. Nf3 Ned5 14. Qe2 O-O 15.
g5 Nf4 16. Qf1 hxg5 17. Rg1 e4 18. Nxg5 exd3 19. Be3 a6 20. Nf3 N6h5 21. Nbd2
b5 22. Bb3 Re8 23. Rg5 Be7 24. Re5 Bf6 25. Rxe8+ Qxe8 26. O-O-O a5 27. Re1 Qd7
28. Bxf4 Nxf4 29. Ne5 {[#]} Ne2+ $4 (29... Bxe5 30. Rxe5 a4 31. Bd1 b4 {mops up
}) 30. Rxe2 $4 (30. Qxe2 $1 Qd6 (30... dxe2 31. Nxd7 Bg5 32. Rxe2 Bh5 33. Re5)
31. Qe3 a4 32. Bd1 b4 {has a lot less kick down a piece.}) 30... dxe2 31. Nxd7
exf1=Q+ 32. Nxf1 Bg5+ 33. Ne3 a4 34. Bd5 Re8 35. Kd2 Rd8 36. Bc6 Bf5 {
(enough already!)} 37. Bxb5 Bxd7 38. Bxd7 Rxd7+ 39. Ke2 Bxe3 40. fxe3 c5 41.
Kf3 Kf8 {Edmar Mednis would approve of Black's bringing in the king -- Dzindzi
would, with ten seconds left: "make queen, checkmate."} (41... Rd2) (41... Rb7)
42. b4 axb3 $2 {
Trading off Black's biggest asset! (well, after his extra rook that is)} (42...
a3) (42... cxb4 43. cxb4 Rd2 44. a3 Rd3) (42... Rd2) 43. axb3 Rd3 44. b4 Rxc3
45. b5 Rb3 46. b6 Rxb6 47. e4 Ke7 (47... c4 48. Ke2 (48. e5 c3 49. Ke2 Rc6 50.
Kd1 c2+ 51. Kc1 {is #7 or so.}) 48... Rd6 {#9}) 48. e5 Ke6 49. h4 Rb4 {
(takes a valuable extra move to mate!)} 50. h5 Kxe5 51. h6 gxh6 52. Ke3 Rb3+
53. Kd2 Kd4 54. Ke1 Rb2 (54... Ke3 {one move faster:} 55. Kf1 (55. Kd1 Rc3)
55... Kf3 56. Kg1 Rb2 57. Kh1 Kg3) 55. Kd1 Ke3 56. Kc1 Rg2 57. Kd1 h5 58. Kc1
Kd3 59. Kd1 Rg1# 0-1

[Event "Mechanics' Walter Shipman TNM G/2 d/5"]
[Site "San Francisco"]
[Date "2018.10.02"]
[Round "9.25"]
[White "Boldi, Nicholas Ar"]
[Black "Robertson, Terrance"]
[Result "0-1"]
[WhiteElo "1544"]
[BlackElo "1450"]
[Annotator "Winslow,Elliott"]
[PlyCount "120"]
[EventDate "2018.??.??"]
[Source "ChessBase"]
[SourceDate "2007.09.04"]

1. e4 e5 2. Nf3 Nf6 3. Bc4 Nxe4 4. Qe2 d5 5. Nxe5 Be6 6. Bb3 Bd6 7. Nf3 O-O 8.
d3 Nf6 9. Bg5 Nbd7 10. O-O Re8 11. Qd1 h6 12. Bh4 Ne5 13. Nbd2 Ng6 14. Bg3 Bxg3
15. fxg3 c5 16. Re1 Qd6 17. c3 Bf5 18. Nf1 Re7 19. Rxe7 Qxe7 20. Ba4 Bd7 21.
Bxd7 Qxd7 22. Qd2 b6 23. Re1 Re8 24. Rxe8+ Qxe8 25. Qe3 Qxe3+ 26. Nxe3 Ne7 27.
Nh4 g6 28. Nf3 Nc6 29. h3 Kf8 30. Kf2 Ke7 31. a3 a5 32. c4 Ke6 33. cxd5+ Nxd5
34. Nxd5 Kxd5 35. Ke3 f5 36. Nh4 Ne7 37. Nf3 g5 38. Nd2 b5 39. g4 f4+ 40. Ke2
Nc6 41. Nf3 Nd4+ 42. Nxd4 Kxd4 43. Kd2 c4 44. dxc4 Kxc4 45. Kc2 a4 46. Kd2 Kd4
47. Ke2 Kc4 48. Kd2 Kb3 49. Kc1 b4 50. axb4 Kxb4 51. Kb1 Kb3 52. Kc1 Kc4 53.
Kc2 Kd4 54. Kd2 Ke4 55. Kc3 Ke3 56. Kc2 Kf2 57. Kd2 Kxg2 58. Ke2 f3+ 59. Ke1
f2+ 60. Ke2 f1=Q+ {(Remaining moves unavailable -- probably played to mate.)}
0-1

[Event "Mechanics' Shipman TNM; G/2 d/5"]
[Site "San Francisco"]
[Date "2018.09.11"]
[Round "6.20"]
[White "Boldi, Nicholas Armen"]
[Black "Harris, John"]
[Result "0-1"]
[WhiteElo "1544"]
[BlackElo "1841"]
[Annotator "Winslow,Elliott"]
[PlyCount "80"]
[EventDate "2018.??.??"]
[Source "ChessBase"]
[SourceDate "2007.09.04"]

1. e4 d5 2. exd5 Qxd5 3. Nc3 Qd8 4. d4 Nf6 5. Bc4 c6 6. h3 Bf5 7. Nf3 e6 8. Bf4
Nbd7 9. a3 Nd5 10. Bxd5 exd5 11. Qe2+ Qe7 12. Ne5 Nxe5 13. dxe5 Be6 14. O-O g5
15. Bh2 O-O-O 16. b4 h5 17. f3 Bg7 18. Na4 g4 19. fxg4 hxg4 20. hxg4 Rxh2 {
[#] Not bad, but according to the computer it reduces Black's position to the
low end of winning. Everything else is better.} (20... Qh4) (20... d4) (20...
Rdg8) (20... Rh4) (20... Bh6) (20... Qg5 {etc. etc.}) 21. Kxh2 Rh8+ 22. Kg1 Qh4
23. Qf3 $2 (23. Qe3 d4 24. Qf4 Bd5 $1 {but Black still has a lot of work to do.
}) 23... Bxe5 $19 24. c3 $2 Bg3 $4 {Sure. It wins.} ({But it also overlooks} 
24... Bh2+ 25. Kh1 Bg3+ 26. Kg1 Qh2#) 25. Qxg3 {
It would have been a much shorter "Play Til Mate" portion...} Qxg3 26. Rf3 Qh2+
27. Kf2 Qh4+ (27... Bxg4 {and #11 (SF9)}) 28. g3 Qh2+ 29. Ke3 Qc2 (29... Bxg4 {
#8}) (29... Re8 {#7!}) 30. Rf4 $6 {#7} (30. Rf2 Qxa4 {Ah! It found it. #12})
30... Qxa4 {#11} (30... Rh2 {#6}) (30... Re8 {#6}) (30... Bxg4 {#6}) (30... Bf5
{#6}) 31. Rc1 Qxa3 32. Rc2 Qb3 33. Rd2 Qxc3+ 34. Rd3 Qc1+ (34... Qe5+) 35. Rd2
Rh2 36. Rff2 Qc3+ (36... Rxf2) 37. Rd3 Qe5+ 38. Kf3 (38. Kd2) 38... Qf6+ (38...
Qe4#) 39. Ke2 Bxg4+ 40. Ke3 Qxf2# 0-1